000
00320 a2200133 4500
000
nam a22 7a 4500
005
20260305162122.0
020
_a
9781319546700
100
_a
Benjamin A. Pierce
_9
1123606
245
_a
Genetics: A Conceptual Approach
250
_a
7th
260
_b
Macmillan
_c
2024
942
_c
TEXL
999
_c
1688472
_d
1688472